Loading...
| Literature - American | 1 | 4 | 0 | 2 | 55 | 66 | 132.20 | 2 | 2 | 6.56 | 22.56 |
| Literature - British | 0 | 5 | 1 | 1 | 45 | 117 | 136.20 | 0 | 0 | 5.26 | 19.02 |
| Fine Arts - Other Arts | 1 | 2 | 0 | 1 | 35 | 53 | 108.33 | 0 | 1 | 5.78 | 11.75 |
| History - American | 1 | 2 | 1 | 0 | 30 | 39 | 105.00 | 0 | 2 | 6.26 | 14.49 |
| Religion | 0 | 2 | 0 | 0 | 20 | 139 | 144.00 | 0 | 0 | 0.94 | 6.41 |
| Mythology | 0 | 2 | 0 | 2 | 20 | 149 | 151.50 | 0 | 0 | 0.10 | 5.68 |
| Science - Chemistry | 0 | 1 | 0 | 0 | 10 | 134 | 134.00 | 0 | 0 | 0.06 | 1.03 |
| Literature - World | 0 | 1 | 0 | 1 | 10 | 157 | 157.00 | 0 | 0 | 0.05 | 1.54 |
| Philosophy | 0 | 1 | 0 | 0 | 10 | 113 | 113.00 | 0 | 1 | 1.90 | 6.67 |
| Fine Arts - Classical Music and Opera | 0 | 1 | 0 | 0 | 10 | 155 | 155.00 | 0 | 0 | 0.29 | 0.64 |
| History - World | 0 | 1 | 1 | 0 | 5 | 146 | 146.00 | 0 | 0 | 0.63 | 2.96 |
| History - Other | 0 | 0 | 0 | 0 | 0 | 0.00 | 0 | 0 | 0.00 | 0.00 | |
| Other Academic | 0 | 0 | 1 | 0 | -5 | 0.00 | 0 | 0 | 0.00 | 0.00 |